Význam spoločenskej zodpovednosti podnikov

Enregistré dans:
Détails bibliographiques
Auteur principal: Nimrichterová, Jana
Format: Chapitre de livre
Langue:slovaque
Tags: Ajouter un tag
Pas de tags, Soyez le premier à ajouter un tag!

MARC

LEADER 00000naa$a2200000$$$4500
001 0133799
005 20240614121910.1
041 0 |a slo 
044 |a SK 
245 1 0 |a Význam spoločenskej zodpovednosti podnikov  |c Jana Nimrichterová 
100 1 |a Nimrichterová, Jana